Catálogo

Diccionario enciclopédico de química / (Registro nro. 43242)

Detalles MARC
000 -LEADER
fixed length control field 01248cam a2200313 i 4500
001 - CONTROL NUMBER
control field 43242
003 - CONTROL NUMBER IDENTIFIER
control field Mx-PuUPA
005 - DATE AND TIME OF LATEST TRANSACTION
control field 20240410104021.0
008 - FIXED-LENGTH DATA ELEMENTS--GENERAL INFORMATION
fixed length control field 140415s1998 mx k frd 000 0 spa d
020 ## - INTERNATIONAL STANDARD BOOK NUMBER
International Standard Book Number 9682613132
040 ## - CATALOGING SOURCE
Original cataloging agency Mx-PuUPA
Language of cataloging spa
Transcribing agency Mx-PuUPA
Modifying agency Mx-PuUPA
Description conventions rda
041 1# - LANGUAGE CODE
Language code of text/sound track or separate title spa
Language code of original fre
100 1# - MAIN ENTRY--PERSONAL NAME
Personal name Angenault, Jacques,
9 (RLIN) 10651
Relator term autor
240 10 - UNIFORM TITLE
Uniform title La chimie, dictionnaire encyclopédique.
Language of a work Español
245 10 - TITLE STATEMENT
Title Diccionario enciclopédico de química /
Statement of responsibility, etc. Jacques Angenault ; traducción, María Teresa Aguilar Ortega
250 ## - EDITION STATEMENT
Edition statement Primera edición
264 #4 - PRODUCTION, PUBLICATION, DISTRIBUTION, MANUFACTURE, AND COPYRIGHT NOTICE
Place of production, publication, distribution, manufacture México, D.F. :
Name of producer, publisher, distributor, manufacturer Compañía Editorial Continental,
Date of production, publication, distribution, manufacture, or copyright notice 1998
300 ## - PHYSICAL DESCRIPTION
Extent xviii, 568 páginas :
Other physical details formularios ;
Dimensions 26 cm
336 ## - CONTENT TYPE
Fuente rdacontent
Content type term texto
Content type code txt
337 ## - MEDIA TYPE
Source rdamedia
Media type term sin medio
Media type code n
338 ## - CARRIER TYPE
Source rdacarrier
Carrier type term volumen
Carrier type code nc
650 #4 - SUBJECT ADDED ENTRY--TOPICAL TERM
Topical term or geographic name entry element Diccionario
General subdivision Química
700 1# - ADDED ENTRY--PERSONAL NAME
Personal name Aguilar Ortega, María Teresa,
Relator term traductor
765 08 - ORIGINAL LANGUAGE ENTRY
Main entry heading Angenault, Jacques,
Title La chimie, dictionnaire encyclopédique.
Edition Segunda edición
Place, publisher, and date of publication París : Editions DUNOD, 1995
International Standard Book Number 2100024973
942 ## - ADDED ENTRY ELEMENTS (KOHA)
Source of classification or shelving scheme Dewey Decimal Classification
Koha item type Libro
Classification part 540.03
Item part A585
Existencias
Withdrawn status Lost status Source of classification or shelving scheme Damaged status Not for loan Collection code Home library Current library Shelving location Date acquired Source of acquisition Total Checkouts Full call number Barcode Date last seen Price effective from Koha item type
    Dewey Decimal Classification     Referencia Biblioteca Karol Wojtyla Biblioteca Karol Wojtyla Área de silencio 18/09/2020 Donación   540.03 A585 1998 60908 05/01/2026 03/12/2013 Libro R